00526 2200205 4500001002100000005001500021035001900036245005700055100002700112300004000139260003500179082000900214084001500223020001700238990001300255990001300268990001300281990001300294990001300307INLIS00000000000186920250620083114$a 0010-0625000083$a Kreasi Bunga Dari Sedotan /$c Herry Cahyo Sastrowirjo$a Herry Cahyo Sastrowirjo$a 60 hlm : $b ilus ; $c 15.5 x 23.5 cm$a Jakarta :$b Puspa Swara,$c 2010$a 745.5$a 745.5 HER k$a 979-3235-20-9$a 3376/2012$a 3377/2012$a 3378/2012$a 3379/2012$a 3380/2012